Resolución de sistemas de ecuaciones polinomiales sobre álgebras de Post k-cíclicas /
Guardado en:
| Otros Autores: | , |
|---|---|
| Formato: | Manuscrito |
| Idioma: | Spanish |
| Publicado: |
2011.
|
| Materias: | |
| Acceso en línea: | Texto completo |
| Etiquetas: |
Agregar Etiqueta
Sin Etiquetas, Sea el primero en etiquetar este registro!
|
| LEADER | 01259ntm a22002895a 4500 | ||
|---|---|---|---|
| 001 | MAT.inmabb007035 | ||
| 008 | 120426s2011####ag#######bm###000#0#spa#d | ||
| 005 | 20160404084747.0 | ||
| 245 | 1 | 0 | |a Resolución de sistemas de ecuaciones polinomiales sobre álgebras de Post k-cíclicas / |c Blanca Fernanda López Martinolich. |
| 260 | |c 2011. | ||
| 300 | |a iv, 205 h. ; |c 30 cm. | ||
| 500 | |a "Tesis de Doctor en Matemática". | ||
| 500 | |a Director de tesis: José Patricio Díaz Varela. | ||
| 502 | |a Tesis (doctoral)--Universidad Nacional del Sur. Departamento de Matemática, 2011. | ||
| 530 | |a Disponible también en formato digital. | ||
| 504 | |a Incluye referencias bibliográficas. | ||
| 100 | 1 | |a López Martinolich, Blanca Fernanda. |4 dis | |
| 700 | 1 | |a Díaz Varela, José Patricio. |4 ths | |
| 710 | 2 | |a Universidad Nacional del Sur. |b Departamento de Matemática |4 dgg. | |
| 082 | 0 | 4 | |a 040 |2 15 |
| 082 | 0 | 4 | |a 512.82 |2 15 |
| 650 | 7 | |a Matemáticas. |2 unbist | |
| 650 | 7 | |a Álgebra. |2 unbist | |
| 653 | |a Ecuaciones polinomiales | ||
| 856 | 4 | 1 | |3 Texto completo |u http://repositoriodigital.uns.edu.ar/handle/123456789/2240 |
| 859 | |a AR-BaUNS |b BIB. MATEMATICA |h 040 |i B148 2011-1128L |k R |p 122842/012 | ||
| 859 | |a AR-BaUNS |b BIB. MATEMATICA |h 040 |i B148 2011-1128L |p 122843/012 | ||
